| 000 | 00510nam a22001697a 4500 | ||
|---|---|---|---|
| 005 | 20240809091943.0 | ||
| 008 | 240809b |||||||| |||| 00| 0 eng d | ||
| 020 | _a0702156183 | ||
| 041 | _aEnglish | ||
| 082 | _a349 SOU | ||
| 100 | _lEnglish | ||
| 245 | _aJuta's Index and Annotations to the South African Law Reports 1999-2000 | ||
| 260 |
_aCape Town: _bJuta and Company Ltd, _c2001 |
||
| 300 |
_b582 pages; _c25 cm. |
||
| 650 |
_aLegal practice _bLaw |
||
| 942 |
_cBK _6ALISON_BN_VRIES |
||
| 999 |
_c2541 _d2541 |
||